000 00714nam a2200205Ii 4500
003 JO-AjNU
008 230605s9999||||xx |||||||||||||| ||und||
040 _aJO-AjNU
_bara
_erda
_cJO-AjNU
041 _aara
050 1 4 _aHN766.D57 1985
100 3 _aاتحاد الجامعات العربيه,
_eauthor
_957745
245 0 0 _aدراسات في المجتمع العربي
250 _aط1
264 3 1 _aعمان: اتحاد الجامعات العربية،1985
300 _a614ص
_bببليوجرافيا:612-614
336 _atext
_btxt
_2rdacontent
337 _aunmediated
_bn
_2rdamedia
338 _avolume
_bnc
_2rdacarrier
650 4 _aالمجتمع العربي - احوال اجتماعية
_957746
999 _aA25895
_c29463
_d29463